Middle Kingdom transparency (Record no. 109321)
[ view plain ]
| 000 -LEADER | |
|---|---|
| fixed length control field | 01306cad a22002295a 4500 |
| 001 - CONTROL NUMBER | |
| control field | L146863 |
| 008 - FIXED-LENGTH DATA ELEMENTS--GENERAL INFORMATION | |
| fixed length control field | 090304s2009 xxkd f s 000 0 eng d |
| 035 ## - SYSTEM CONTROL NUMBER | |
| System control number | (Sirsi) u146863 |
| 041 0# - LANGUAGE CODE | |
| Language code of text/sound track or separate title | eng |
| 050 04 - LIBRARY OF CONGRESS CALL NUMBER | |
| Classification number | 332.33 $2 18 |
| 110 2# - MAIN ENTRY--CORPORATE NAME | |
| Corporate name or jurisdiction name as entry element | Jones Lang LaSalle |
| 9 (RLIN) | 3755 |
| 245 00 - TITLE STATEMENT | |
| Title | Middle Kingdom transparency |
| Remainder of title | real estate transparency in China |
| Medium | [electronic resource] |
| 260 ## - PUBLICATION, DISTRIBUTION, ETC. | |
| Place of publication, distribution, etc. | London |
| Name of publisher, distributor, etc. | JLL |
| Date of publication, distribution, etc. | 2008 |
| 520 ## - SUMMARY, ETC. | |
| Summary, etc. | Reveals that China is classified as a Semi Transparent market, ranking 49th out of 82 worldwide markets, according to the Jones Lang LaSalle Transparency Survey for 2008. Finds that globalisation is the main driving force behind this improvement, but that there is a wide variance in transparency in China's secondary and tertiary cities. Concludes that many emerging markets have improved their levels of real estate transparency, and that China has made the greatest improvement in the Asia Pacific region over the past two years. Anticipates further improvements. |
| 521 ## - TARGET AUDIENCE NOTE | |
| Target audience note | Advanced |
| 590 ## - LOCAL NOTE (RLIN) | |
| Local note | KA |
| 650 24 - SUBJECT ADDED ENTRY--TOPICAL TERM | |
| Topical term or geographic name entry element | JONES LANG LASALLE REAL ESTATE TRANSPARENCY INDEX |
| 651 #4 - SUBJECT ADDED ENTRY--GEOGRAPHIC NAME | |
| Geographic name | China |
| 690 ## - LOCAL SUBJECT ADDED ENTRY--TOPICAL TERM (OCLC, RLIN) | |
| Topical term or geographic name as entry element | PROPERTY-COMMERCIAL PROPERTY-COMMERCIAL PROPERTY MARKET |
| 856 40 - ELECTRONIC LOCATION AND ACCESS | |
| Uniform Resource Identifier | <a href="https://www.joneslanglasalle.com">https://www.joneslanglasalle.com</a> |
| Public note | View the report free of charge at www.joneslanglasalle.com... |
| 942 ## - ADDED ENTRY ELEMENTS (KOHA) | |
| Suppress in OPAC | 0 |
| Withdrawn status | Lost status | Source of classification or shelving scheme | Damaged status | Not for loan | Home library | Current library | Shelving location | Date acquired | Total Checkouts | Full call number | Barcode | Date last seen | Copy number | Price effective from | Koha item type |
|---|---|---|---|---|---|---|---|---|---|---|---|---|---|---|---|
| Dewey Decimal Classification | Virtual | Virtual | Online | 04/03/2009 | ONLINE PUBLICATION | 146863-2001 | 06/08/2019 | 1 | 06/08/2019 | Book |